|
|
|
|
| LEADER |
00000nam a22000007a 4500 |
| 005 |
20210205210833.0 |
| 007 |
cr|||| |||| |
| 008 |
210205s2020 es |||||s|||| 00||0 spa d |
| 020 |
|
|
|a 978-84-1324-839-4
|
| 035 |
|
|
|a 32834
|
| 040 |
|
|
|a vLex
|
| 090 |
|
|
|c 11101
|d 11101
|
| 100 |
1 |
|
|a Fillol Mazo, Adriana
|
| 245 |
1 |
2 |
|a El hambre como riesgo y amenaza a la paz y seguridad internacionales
|h [Recurso electrn̤ico] /
|c Adriana Fillol Mazo
|
| 256 |
|
|
|a Servicio en ln̕ea
|
| 260 |
|
|
|a Madrid:
|b Dykinson,
|c 2020
|
| 300 |
|
|
|a 1 recurso electrn̤ico
|
| 500 |
|
|
|a Este trabajo de investigacin̤ se ha dividido en tres capt̕ulos centrales dirigidos a estudiar la relacin̤ entre la seguridad alimentaria con la paz y seguridad internacionales en el plano universal. En el primer capt̕ulo se elabora el enfoque de relacin̤ entre la seguridad alimentaria, el hambre y la paz y seguridad internacionales. En concreto en este capt̕ulo se hace mencin̤ a: - las nuevas dimensiones de la paz y seguridad internacionales, entre las que cabe incluir a la seguridad alimentaria; -la falta de alimentos como causa y efecto de los conflictos; - la seguridad alimentaria como dimensin̤ integrante de la seguridad humana y su relacin̤ con la paz y seguridad internacionales. En el segundo capt̕ulo se realiza un estudio de los factores que potencian la falta de alimentos, no de todos ellos sino de aquellos que a la par se configuran como riesgos y/o amenazas a la paz y seguridad internacionales. En el tercer capt̕ulo se aportan y/o cuestionan algunos posibles instrumentos que pueden proteger la seguridad alimentaria como factor sostenible de paz. Todo ello con el objetivo de no perder de vista el enfoque relacional entre la seguridad alimentaria y la paz y seguridad internacionales.
|
| 506 |
1 |
|
|a Disponible solo en los productos indicados
|d vLex Global
|d vLex Global (Academic Edition, excluding Law Schools)
|d vLex Global (U.S. Academic Edition, Law Schools)
|d vLex Global (U.S. Academic Edition, excluding Law Schools)
|d vLex Global (Academic Edition, Law Schools)
|
| 650 |
0 |
4 |
|a Derecho Internacional
|z Espaą
|
| 740 |
0 |
|
|a vLex Libros (Servicio en ln̕ea)
|
| 856 |
4 |
0 |
|u http://vlex.com/source/hambre-como-riesgo-y-amenaza-a-la-paz-y-seguridad-internacionales-32834
|z Acceso restringido
|
| 942 |
|
|
|c BOOK
|
| 999 |
0 |
|
|a International right
|